| 000 | 01276nam a2200229Ia 4500 | ||
|---|---|---|---|
| 003 | Ost | ||
| 005 | 20260416102400.0 | ||
| 008 | 260416s9999||||xx |||||||||||||| ||und|| | ||
| 040 | _cfsecg | ||
| 041 | _aara | ||
| 082 | _a657.46 | ||
| 100 |
_aموهون، صفية _eمؤلف |
||
| 245 | 0 |
_aالمحاسبة المالية العامة 2 حسب النظام المحاسبي المالي SCF : _bدروس و تمارين تطبيقية: مطبوعة موجهة لطلبة السنة الأولى LMD جذع مشترك / _c صفية موهون |
|
| 260 |
_aالجزائر _bجامعة الجزائر3: كلية العلوم الإقتصادية، العلوم التجارية وعلوم التسيير _c2022 |
||
| 300 |
_a121 ورقة _bايضاحات _c12 سم |
||
| 504 | _aمراجع ص.118 | ||
| 520 | _aالعمميات المحاسبية لدورة الاستغلال خلال الدورة المحاسبية، عمليات محاسبية خاصة بأعمال نهاية السنة. | ||
| 653 | _aالمحاسبة التحليلية | ||
| 653 | _aالمحاسبة المالية | ||
| 710 |
_aجامعة الجزائر3: كلية العلوم الإقتصادية، العلوم التجارية وعلوم التسيير _eناشر علمي |
||
| 942 | _cHANDOUT | ||
| 999 |
_c41367 _d41367 |
||